Governing the Ungovernable: (Record no. 611197)

000 -LEADER
fixed length control field 00435nam a22001457a 4500
020 ## - INTERNATIONAL STANDARD BOOK NUMBER
International Standard Book Number 9780199408979
040 ## - CATALOGING SOURCE
Transcribing agency NUST
082 ## - DEWEY DECIMAL CLASSIFICATION NUMBER
Classification number 321.8095491
Author Mark HUS
100 ## - MAIN ENTRY--PERSONAL NAME
Personal name Hussain, Ishrat
9 (RLIN) 28447
245 ## - TITLE STATEMENT
Title Governing the Ungovernable:
Remainder of title Institutional Reforms for Democratic Governance
250 ## - EDITION STATEMENT
Edition statement 5th Edition
260 ## - PUBLICATION, DISTRIBUTION, ETC.
Place of publication, distribution, etc. Karachi:
Name of publisher, distributor, etc. Oxford University Press,
Date of publication, distribution, etc. 2018.
650 ## - SUBJECT ADDED ENTRY--TOPICAL TERM
Topical term or geographic name entry element Governing the Ungovernable
9 (RLIN) 125491
942 ## - ADDED ENTRY ELEMENTS (KOHA)
Source of classification or shelving scheme
Koha item type Book
Holdings
Withdrawn status Lost status Source of classification or shelving scheme Damaged status Not for loan Permanent Location Current Location Shelving location Date acquired Total Checkouts Full call number Barcode Date last seen Price effective from Koha item type
          College of Electrical & Mechanical Engineering (CEME) College of Electrical & Mechanical Engineering (CEME) General Stacks 08/28/2024   321.8095491 HUS CEME- 50942 08/28/2024 08/28/2024 Book
© 2023 Central Library, National University of Sciences and Technology. All Rights Reserved.